Ahí viene la plaga : virus emergentes, epidemias y pandemias /

La colección Ciencia que ladra… publicada por Siglo XXI en Argentina, se plantea como finalidad la divulgación científica dirigida a todo público, desde niños y sus maestros hasta adultos y toda persona interesada en el mundo de la ciencia que no necesariamente tiene una formación científica. La col...

詳細記述

保存先:
書誌詳細
第一著者: Lozano, Mario E. (autor)
その他の著者: Golombek, Diego (presentación) (presentación)
フォーマット: 図書
言語:スペイン語
出版事項: Buenos Aires, Argentina : Siglo XXI : Universidad Nacional de Quilmes, 2004, c2004
シリーズ:(Ciencia que Ladra... ; 7)
主題:
タグ: タグ追加
タグなし, このレコードへの初めてのタグを付けませんか!

MARC

LEADER 00000nam^a2200000^a^4500
001 000177710
005 20250521000000.0
009 20260310101725.091
020 |a 987-1105-69-X 
037 |a Acervo ITESO - Biblioteca 
041 |a ESP 
082 |a 500.  |b LAD S. 1 V. 7 
100 |a Lozano, Mario E.  |e (autor) 
245 1 0 |a Ahí viene la plaga :  |b virus emergentes, epidemias y pandemias /  |c M.E. Lozano ; presen. de D. Golombeck. 
264 4 |a Buenos Aires, Argentina :  |b Siglo XXI :  |b Universidad Nacional de Quilmes,  |c 2004, c2004 
300 |a 126 p. 
336 |a texto  |b txt  |2 rdacontenido 
337 |a sin mediación  |b n  |2 rdamedio 
338 |a volumen  |b nc  |2 rdasoporte 
440 1 |a (Ciencia que Ladra... ;  |v 7) 
520 |a La colección Ciencia que ladra… publicada por Siglo XXI en Argentina, se plantea como finalidad la divulgación científica dirigida a todo público, desde niños y sus maestros hasta adultos y toda persona interesada en el mundo de la ciencia que no necesariamente tiene una formación científica. La colección está dividida en dos series: serie clásica y serie mayor. La primera contiene textos que se caracterizan por mostrar fenómenos científicos en temas de la vida cotidiana; la serie mayor incluye textos más extensos donde se desarrollan temas en mayor profundidad, así como traducciones de obras de autores extranjeros. Esta colección la inició en 2002 el biólogo y divulgador científico Diego Golombek, en conjunto con la Universidad Nacional de Quilmes, en Buenos Aires. 
520 |a Obra sobre la historia de las enfermedades emergentes o nuevas, los virus y otros agentes que las provocan y cómo prevenirlas. El autor habla de la viruela como el arma para la conquista de América, de cómo, cuándo y dónde comenzó el SIDA, de la gripe como la enfermedad más mortal y de otros padecimientos erradicados gracias a las vacunas, con la intención de que podamos tomar conciencia acerca de la vulnerabilidad física humana y la cultura de protección y prevención de la salud. 
649 |a XX 
650 |a Epidemias -  |x Tema Principal 
650 |a Virus -  |x Tema Principal 
650 |a Viruela -  |z Latinoamérica -  |x Historia 
650 |a Influenza -  |x Historia 
650 |a Poliomielitis -  |x Historia 
650 |a SIDA -  |x Historia 
650 |a Enfermedades 
650 |a Vacunas 
650 |a Epidemiología 
650 |a Promoción de la Salud 
650 |a Salud Pública 
650 |a Ciencia -  |x Difusión 
700 |a Golombek, Diego  |e (presentación) 
910 |a Fondo General 
920 |a Impresos - Libros 
930 |a Colección General 
905 |a 101 
901 |a 0500116786  |b IT1  |c ACC  |u 20250521 
902 |a https://opac.biblio.iteso.mx/vufind/Record/000177710